000 00740nam a2200205Ii 4500
003 JO-AjNU
008 230605s9999||||xx |||||||||||||| ||und||
040 _aJO-AjNU
_bara
_erda
_cJO-AjNU
041 _aara
050 1 4 _aPJ 7826 .I2 A96393 1987
100 3 _aجبران، جبران خليل؛ دراسة وتحليل نازك سابا يارد,
_eauthor
_910064
245 0 0 _aالعواصف
250 _aط2
264 3 1 _aدمشق: دار ظلاس، 1987
300 _a262ص
336 _atext
_btxt
_2rdacontent
337 _aunmediated
_bn
_2rdamedia
338 _avolume
_bnc
_2rdacarrier
650 4 _aالقصص العربية القصيرة في المهجر - الولايات المتحدة الامريكية - قرن 20
_910065
999 _aA1618
_c5186
_d5186